[Event "HZ Chess Tournament 2013"]
[Site "?"]
[Date "2013.08.04"]
[Round "2"]
[White "Kohlweyer, Bernd"]
[Black "Senders, Mischa"]
[Result "1-0"]
[WhiteElo "2440"]
[BlackElo "2061"]
[PlyCount "67"]
[EventDate "2013.??.??"]

1. Nf3 Nf6 2. c4 e6 3. g3 d5 4. Bg2 Be7 5. d4 O-O 6. O-O c6 7. Qc2 b6 8. Rd1
Bb7 9. b3 Nbd7 10. Nc3 Rc8 11. e4 dxe4 12. Ng5 Re8 13. Ngxe4 Nxe4 14. Nxe4 Nf6
15. Ng5 Bd6 16. Bb2 h6 17. Nf3 Qe7 18. Re1 Nd7 19. Rad1 Qf8 20. c5 Bb8 21. b4
Nf6 22. Bf1 Nd5 23. a3 Qe7 24. Bc4 Qf6 25. Kg2 g5 26. Ne5 Qg7 27. Re2 Re7 28.
Rh1 Rf8 29. h4 g4 30. h5 f5 31. Ng6 f4 32. Nxe7+ Qxe7 33. Qg6+ Qg7 34. Rxe6 1-0

[Event "HZ Chess Tournament 2013"]
[Site "?"]
[Date "2013.08.04"]
[Round "2"]
[White "Woestenburg, Jochem"]
[Black "Ducarmon, Quinten"]
[Result "0-1"]
[WhiteElo "2045"]
[BlackElo "2438"]
[PlyCount "66"]
[EventDate "2013.??.??"]

1. e4 c6 2. d4 d5 3. exd5 cxd5 4. c4 Nf6 5. Nc3 Nc6 6. Nf3 e6 7. Bg5 Be7 8. c5
O-O 9. Bd3 h6 10. Bf4 b6 11. cxb6 Qxb6 12. O-O Ba6 13. Na4 Qb7 14. Rc1 Ne4 15.
Ne5 Rac8 16. Bxa6 Qxa6 17. Nd7 Rfd8 18. Ndc5 Bxc5 19. Nxc5 Nxc5 20. Rxc5 Qxa2
21. Qd2 Qa6 22. Rc3 Ne7 23. Ra3 Qb6 24. Rfa1 Nf5 25. Be5 Rd7 26. g4 Ne7 27. Rh3
Ng6 28. g5 h5 29. Rxh5 Qb3 30. Rc1 Rc4 31. f4 Qf3 32. Qd1 Rxc1 33. Qxc1 Qxh5
0-1

[Event "HZ Chess Tournament 2013"]
[Site "?"]
[Date "2013.08.04"]
[Round "2"]
[White "Kuipers, Stefan"]
[Black "Ratsma, Midas"]
[Result "0-1"]
[WhiteElo "2437"]
[BlackElo "2057"]
[PlyCount "80"]
[EventDate "2013.??.??"]

1. e4 e6 2. d4 d5 3. Nc3 Bb4 4. e5 c5 5. a3 Bxc3+ 6. bxc3 Ne7 7. Qg4 cxd4 8.
Qxg7 Rg8 9. Qxh7 Qc7 10. Ne2 Nbc6 11. f4 Bd7 12. Qd3 dxc3 13. h4 Nf5 14. h5
O-O-O 15. Rb1 d4 16. Rg1 Rg4 17. g3 f6 18. Bh3 Rgg8 19. g4 Nh4 20. Qg3 Nf5 21.
Qf2 Ne3 22. Nxd4 Nxd4 23. Bxe3 fxe5 24. Bxd4 exd4 25. Qxd4 Bc6 26. Qe3 Kb8 27.
g5 Qh7 28. Rc1 Qxh5 29. Bf1 Qh2 30. Qf2 Qh7 31. Bd3 Be4 32. Rg3 Bxd3 33. cxd3
Rxd3 34. Rxc3 Rxc3 35. Rxc3 Qb1+ 36. Kd2 Qb2+ 37. Rc2 Rd8+ 38. Ke3 Qxa3+ 39.
Ke4 Qd3+ 40. Ke5 Qf5# 0-1

[Event "HZ Chess Tournament 2013"]
[Site "?"]
[Date "2013.08.04"]
[Round "2"]
[White "De Zwart, Johan"]
[Black "Ris, Robert"]
[Result "0-1"]
[WhiteElo "2034"]
[BlackElo "2424"]
[PlyCount "48"]
[EventDate "2013.??.??"]

1. e4 e5 2. Nf3 Nc6 3. Bc4 Nf6 4. d3 Bc5 5. Bb3 d6 6. c3 a6 7. Nbd2 h6 8. O-O
g5 9. Nc4 g4 10. Ne1 Be6 11. Ne3 Qd7 12. Bxe6 Qxe6 13. Nf5 O-O-O 14. b4 Ba7 15.
Be3 d5 16. Bxa7 dxe4 17. Ng7 Qd7 18. Be3 exd3 19. Qxd3 Qxd3 20. Nxd3 Rxd3 21.
Nf5 Nd5 22. Bxh6 Nxc3 23. a3 Kd7 24. Rfe1 Ke6 0-1

[Event "HZ Chess Tournament 2013"]
[Site "?"]
[Date "2013.08.04"]
[Round "2"]
[White "Van Delft, Merijn"]
[Black "Henrichs, Wenke"]
[Result "1-0"]
[WhiteElo "2415"]
[BlackElo "2055"]
[PlyCount "127"]
[EventDate "2013.??.??"]

1. e4 e6 2. d4 d5 3. Nd2 Nf6 4. e5 Nfd7 5. f4 c5 6. Ngf3 b6 7. Bb5 Bb7 8. c3
Be7 9. O-O O-O 10. Qe2 Qc8 11. b3 a6 12. Bd3 b5 13. f5 b4 14. cxb4 cxd4 15. a3
Nc6 16. Bb2 Qb8 17. Rae1 Re8 18. Kh1 exf5 19. Bxf5 Nf8 20. Nxd4 Bh4 21. Nxc6
Bxc6 22. Rc1 Bb5 23. Bd3 Bg5 24. Rcd1 Ng6 25. Bxb5 axb5 26. Nf3 Bf4 27. Rxd5 f6
28. Rxb5 Qc8 29. Rc5 Qe6 30. Nd4 Qf7 31. e6 Qb7 32. Nf3 Ra6 33. Qb5 Qxb5 34.
Rxb5 Raxe6 35. g3 Bb8 36. Rf2 Re3 37. Bd4 Rxb3 38. a4 Bd6 39. a5 Rxb4 40. Rxb4
Bxb4 41. a6 Ne7 42. Rc2 Nd5 43. a7 Kf7 44. Nh4 Ra8 45. Nf5 g6 46. Ne3 Nxe3 47.
Rc7+ Ke6 48. Bxe3 h5 49. Rg7 g5 50. Rh7 Kd6 51. Rxh5 Kd5 52. Kg2 Ke4 53. Bf2
Bc3 54. Rh7 Be5 55. Rb7 Kd5 56. Kf3 Rc8 57. Be3 Rg8 58. Rb4 f5 59. Bxg5 Kc5 60.
Ra4 Ra8 61. Ra5+ Kd6 62. Bf4 Bxf4 63. Kxf4 Ke6 64. Ra6+ 1-0

[Event "HZ Chess Tournament 2013"]
[Site "?"]
[Date "2013.08.04"]
[Round "2"]
[White "De Vleeschauwer, Maarten"]
[Black "Bosboom, Manuel"]
[Result "0-1"]
[WhiteElo "2030"]
[BlackElo "2396"]
[PlyCount "126"]
[EventDate "2013.??.??"]

1. e4 c5 2. d4 cxd4 3. c3 d3 4. Bxd3 d6 5. c4 g6 6. Nc3 Bg7 7. h3 Na6 8. Nf3
Nc5 9. O-O Bd7 10. Be3 Bxc3 11. bxc3 Qa5 12. Qc2 e5 13. Nd2 Ba4 14. Nb3 Qc7 15.
f4 b6 16. Rad1 f6 17. fxe5 fxe5 18. Qf2 O-O-O 19. Bc2 Ne6 20. Qe2 Kb8 21. Rb1
Ka8 22. c5 dxc5 23. Qc4 Bd7 24. Rf7 Qc6 25. Rd1 Kb8 26. Qd5 Qxd5 27. Rxd5 Kc8
28. Rxe5 Rf8 29. Rxf8+ Nxf8 30. Bd3 Be6 31. Ba6+ Kd7 32. Bb5+ Ke7 33. Nxc5 Nf6
34. Nxe6 N8d7 35. Bxd7 Nxd7 36. Bd4 Nxe5 37. Bxe5 Rc8 38. Nf4 Rc4 39. Bd4 Ra4
40. Nd5+ Ke6 41. Nf4+ Kd7 42. Kf2 Rxa2+ 43. Kf3 Kc6 44. e5 a5 45. e6 a4 46. e7
Kd7 47. Nd5 Ra1 48. Bf6 Re1 49. Nxb6+ Ke8 50. Nd5 Kf7 51. Bh4 a3 52. Nb4 Rc1
53. Ke3 Rxc3+ 54. Kd4 Rb3 55. Kc4 Rb2 56. Kc3 Rxg2 57. Kb3 Rh2 58. Bf6 Rxh3+
59. Ka2 Rh5 60. Nc6 Rf5 61. Bh4 g5 62. Bg3 Rc5 63. Ne5+ Kxe7 0-1

[Event "HZ Chess Tournament 2013"]
[Site "?"]
[Date "2013.08.04"]
[Round "2"]
[White "Leenhouts, Koen"]
[Black "Hoffman, Ron"]
[Result "1-0"]
[WhiteElo "2379"]
[BlackElo "2047"]
[PlyCount "69"]
[EventDate "2013.??.??"]

1. d4 Nf6 2. c4 g6 3. f3 Bg7 4. e4 d6 5. Nc3 O-O 6. Be3 Nbd7 7. Nge2 c5 8. d5
Ne5 9. Ng3 e6 10. Be2 exd5 11. cxd5 a6 12. a4 Bd7 13. O-O b5 14. axb5 axb5 15.
Nxb5 Qb6 16. Nc3 Qxb2 17. Rc1 Rfb8 18. h3 Rb4 19. Rf2 Ra3 20. Qe1 Qb3 21. f4
Nxe4 22. Ngxe4 Rxe4 23. Nxe4 Qxe3 24. Nxd6 Nd3 25. Bxd3 Qxe1+ 26. Rxe1 Rxd3 27.
Ra2 Rxd5 28. Ra8+ Bf8 29. Ne8 Rf5 30. g3 c4 31. Rd8 Bc5+ 32. Kh2 Bxe8 33.
Rexe8+ Kg7 34. g4 Rxf4 35. g5 1-0

[Event "HZ Chess Tournament 2013"]
[Site "?"]
[Date "2013.08.04"]
[Round "2"]
[White "Ducarmon, Renzo"]
[Black "Berkovich, Mark A"]
[Result "1/2-1/2"]
[WhiteElo "2024"]
[BlackElo "2375"]
[PlyCount "64"]
[EventDate "2013.??.??"]

1. e4 e5 2. Bc4 Nf6 3. d3 c6 4. Nf3 d5 5. Bb3 a5 6. a4 Bb4+ 7. Bd2 dxe4 8. Nxe5
O-O 9. Bxb4 axb4 10. d4 Nbd7 11. O-O Nxe5 12. dxe5 Ng4 13. Nd2 Qh4 14. h3 Nxe5
15. Qe2 Bf5 16. Rae1 Rae8 17. Nxe4 Nd7 18. f3 Bxe4 19. fxe4 Nc5 20. Qc4 Nxb3
21. cxb3 Qe7 22. e5 c5 23. Rf2 b6 24. Rd2 Qg5 25. Rd5 Re6 26. a5 Qg3 27. Re2
bxa5 28. Qxc5 h6 29. Qb5 Rg6 30. Kh1 Qf4 31. Kg1 Qf5 32. Kh2 Qf4+ 1/2-1/2

[Event "HZ Chess Tournament 2013"]
[Site "?"]
[Date "2013.08.04"]
[Round "2"]
[White "L'Ami, Alina"]
[Black "Stolwijk, Colin"]
[Result "1-0"]
[WhiteElo "2358"]
[BlackElo "2036"]
[PlyCount "59"]
[EventDate "2013.??.??"]

1. d4 Nf6 2. c4 e6 3. Nc3 Bb4 4. e3 O-O 5. Bd3 d5 6. Nf3 c5 7. O-O b6 8. cxd5
exd5 9. dxc5 bxc5 10. a3 Bxc3 11. bxc3 Qa5 12. Qc2 c4 13. Be2 Bd7 14. a4 Na6
15. Ne5 Rfb8 16. e4 dxe4 17. Bf4 Rc8 18. Nxc4 Qf5 19. Bg3 Qc5 20. Nd6 Rc6 21.
Rfd1 Nb4 22. Qb3 Nbd5 23. c4 Rb6 24. Qa3 Qxa3 25. Rxa3 Rb2 26. Kf1 Bxa4 27. Rc1
Nb6 28. c5 Rd2 29. cxb6 axb6 30. Rxa4 1-0

[Event "HZ Chess Tournament 2013"]
[Site "?"]
[Date "2013.08.04"]
[Round "2"]
[White "Verwoert, Jef"]
[Black "Akshat, Khamparia"]
[Result "0-1"]
[WhiteElo "2011"]
[BlackElo "2354"]
[PlyCount "58"]
[EventDate "2013.??.??"]

1. e4 c5 2. Nc3 Nc6 3. f4 e6 4. Nf3 d5 5. Bb5 dxe4 6. Bxc6+ bxc6 7. Nxe4 Ba6 8.
d3 c4 9. d4 Nf6 10. Qe2 Nxe4 11. Qxe4 Qd5 12. Qe2 Bd6 13. c3 O-O 14. O-O Rab8
15. Ne5 Rb7 16. Ng4 c5 17. Be3 f5 18. Ne5 Rfb8 19. Rf2 Qe4 20. Re1 Rxb2 21.
Qxb2 Rxb2 22. Rxb2 cxd4 23. Bd2 dxc3 24. Rxe4 cxb2 25. Re1 Bc5+ 26. Kh1 Bd4 27.
Nf3 c3 28. Nxd4 cxd2 29. Rg1 Bd3 0-1

[Event "HZ Chess Tournament 2013"]
[Site "?"]
[Date "2013.08.04"]
[Round "2"]
[White "Rijnaarts, Sjef"]
[Black "Hiemstra, Jan"]
[Result "1-0"]
[WhiteElo "2354"]
[BlackElo "2032"]
[PlyCount "63"]
[EventDate "2013.??.??"]

1. e4 c6 2. d4 d5 3. Nc3 dxe4 4. Nxe4 Nd7 5. Bc4 Ngf6 6. Ng5 e6 7. Qe2 Nb6 8.
Bd3 Bd6 9. N1f3 h6 10. Ne4 Nxe4 11. Qxe4 Nd5 12. Bd2 Nf6 13. Qe2 Bd7 14. O-O-O
b5 15. Ne5 Qc7 16. f4 Nd5 17. Qh5 Bxe5 18. fxe5 O-O-O 19. Qxf7 b4 20. Ba6+ Kb8
21. Bc4 a5 22. Qxg7 Rdg8 23. Qf7 Rxg2 24. Rdg1 Rxg1+ 25. Rxg1 Bc8 26. Qxc7+
Kxc7 27. a3 Nb6 28. Bd3 bxa3 29. bxa3 a4 30. Ba5 Kb7 31. Kd2 h5 32. Rb1 1-0

[Event "HZ Chess Tournament 2013"]
[Site "?"]
[Date "2013.08.04"]
[Round "2"]
[White "Tikranian, Alik"]
[Black "De Jong, Migchiel"]
[Result "0-1"]
[WhiteElo "2006"]
[BlackElo "2345"]
[PlyCount "86"]
[EventDate "2013.??.??"]

1. c4 e6 2. g3 d5 3. Bg2 Nf6 4. Nf3 Be7 5. cxd5 exd5 6. O-O O-O 7. d3 c5 8. Bf4
d4 9. Na3 Nd5 10. Bd2 Nc6 11. Nc4 Bf6 12. Qc1 Re8 13. Re1 Be6 14. Bg5 Qc7 15.
Bxf6 Nxf6 16. Ncd2 b6 17. Ng5 Bd5 18. Nde4 Nxe4 19. Nxe4 Rad8 20. Qg5 Qe7 21.
Qh5 h6 22. f4 Nb4 23. a3 Nc2 24. Rac1 Nxe1 25. Rxe1 c4 26. Rf1 Bxe4 27. Bxe4
Qc5 28. Qh4 f5 29. Bf3 c3 30. b4 Qe7 31. Qxe7 Rxe7 32. Rc1 b5 33. Kf2 Rd6 34.
Rc2 Kf8 35. Ke1 a5 36. Kd1 axb4 37. axb4 Ra7 38. e3 Ra3 39. Ke2 Rb3 40. exd4
Re6+ 41. Kf2 Rb2 42. Bd1 Ra6 43. Ke3 Rxc2 0-1

[Event "HZ Chess Tournament 2013"]
[Site "?"]
[Date "2013.08.04"]
[Round "2"]
[White "Freeke, Matthieu"]
[Black "Lentjes, Noud"]
[Result "1/2-1/2"]
[WhiteElo "2332"]
[BlackElo "2027"]
[PlyCount "87"]
[EventDate "2013.??.??"]

1. d4 Nf6 2. Bg5 d5 3. e3 e6 4. Nd2 Be7 5. Bd3 Nbd7 6. Ngf3 c5 7. c3 b6 8. Qe2
Bb7 9. Ne5 Nxe5 10. dxe5 Nd7 11. Bxe7 Qxe7 12. f4 f6 13. exf6 gxf6 14. e4 e5
15. exd5 exf4 16. c4 Ne5 17. O-O O-O-O 18. Rxf4 Rde8 19. Raf1 Nxd3 20. Qxd3 Qe2
21. Qxe2 Rxe2 22. R4f2 Rhe8 23. Rxe2 Rxe2 24. Rd1 Kd7 25. Kf1 Re3 26. Kf2 Rd3
27. Ke2 Rd4 28. b3 b5 29. Nf1 Rh4 30. g3 Re4+ 31. Kf3 f5 32. Ne3 bxc4 33. bxc4
Ba6 34. Rc1 Rd4 35. Rc3 Kc7 36. h4 h5 37. a3 Bc8 38. Rb3 Ba6 39. Rc3 Bc8 40. a4
a5 41. Nc2 Rd1 42. Ne3 Rd4 43. Rc2 Bd7 44. Ra2 1/2-1/2

[Event "HZ Chess Tournament 2013"]
[Site "?"]
[Date "2013.08.04"]
[Round "2"]
[White "Blankert, Willem"]
[Black "Beukema, Stefan"]
[Result "0-1"]
[WhiteElo "2000"]
[BlackElo "2321"]
[PlyCount "60"]
[EventDate "2013.??.??"]

1. Nf3 f5 2. c4 Nf6 3. g3 g6 4. Bg2 Bg7 5. O-O O-O 6. Nc3 d6 7. d3 e5 8. Rb1 c6
9. b4 Qc7 10. a4 a5 11. b5 Nbd7 12. Ba3 Re8 13. e4 Nc5 14. Re1 h6 15. h4 f4 16.
gxf4 Ne6 17. Bxd6 Qxd6 18. fxe5 Qd7 19. exf6 Nf4 20. Ne5 Rxe5 21. fxg7 Rh5 22.
bxc6 bxc6 23. Qf3 Rxh4 24. Ne2 g5 25. Ng3 Qxg7 26. e5 Bh3 27. Bxh3 Nxh3+ 28.
Kg2 Rf8 29. Qxf8+ Qxf8 30. e6 Qxf2+ 0-1

[Event "HZ Chess Tournament 2013"]
[Site "?"]
[Date "2013.08.04"]
[Round "2"]
[White "Afek, Yochanan"]
[Black "Vreugdenhil, Frans"]
[Result "1-0"]
[WhiteElo "2315"]
[BlackElo "2008"]
[PlyCount "27"]
[EventDate "2013.??.??"]

1. e4 e5 2. Nf3 Nc6 3. Nc3 d6 4. d4 Bg4 5. Bb5 exd4 6. Qxd4 Bxf3 7. gxf3 a6 8.
Bxc6+ bxc6 9. Be3 Nf6 10. O-O-O g6 11. e5 Nh5 12. exd6 Bg7 13. d7+ Kf8 14. Qc5+
1-0

[Event "HZ Chess Tournament 2013"]
[Site "?"]
[Date "2013.08.04"]
[Round "2"]
[White "Dijkstra, Arjan"]
[Black "Meissner, Felix"]
[Result "1/2-1/2"]
[WhiteElo "1982"]
[BlackElo "2295"]
[PlyCount "53"]
[EventDate "2013.??.??"]

1. d4 Nf6 2. c4 g6 3. Nc3 Bg7 4. e4 d6 5. f3 O-O 6. Be3 c6 7. Qd2 a6 8. Bd3 b5
9. Nge2 Nbd7 10. O-O bxc4 11. Bxc4 d5 12. Bb3 dxe4 13. Nxe4 Nd5 14. Bh6 a5 15.
Bxg7 Kxg7 16. N2c3 N7b6 17. Nc5 Qd6 18. Rfe1 Rd8 19. Rad1 Ra7 20. a3 Bf5 21.
N3e4 Qb8 22. Qf2 h6 23. Ng3 Bc8 24. Ba2 Nf6 25. Nd3 Nbd5 26. Ne5 Qb6 27. Ne4
1/2-1/2

[Event "HZ Chess Tournament 2013"]
[Site "?"]
[Date "2013.08.04"]
[Round "2"]
[White "Van de Wynkele, Eric"]
[Black "Timmermans, Mark"]
[Result "0-1"]
[WhiteElo "1981"]
[BlackElo "2287"]
[PlyCount "78"]
[EventDate "2013.??.??"]

1. e4 e5 2. Nc3 Nf6 3. g3 d5 4. exd5 Nxd5 5. Bg2 Nxc3 6. bxc3 Bd6 7. Nf3 O-O 8.
O-O Nd7 9. d3 Nb6 10. c4 Bg4 11. h3 Bh5 12. Qe1 f6 13. Be3 Na4 14. Qa5 Nc5 15.
Nh4 c6 16. Qxd8 Rfxd8 17. Rab1 Rab8 18. Nf5 Bf8 19. g4 Bf7 20. Rb2 Rdc8 21.
Rfb1 b6 22. Ng3 Na4 23. Rb3 b5 24. Ne4 Nb6 25. Nd2 Nd7 26. Bxa7 Ra8 27. Be3
Rxa2 28. R3b2 Ra3 29. Rb3 Ra4 30. Bf1 b4 31. Ne4 g6 32. c3 f5 33. Ng5 bxc3 34.
Rxc3 f4 35. Rb7 fxe3 36. Rxd7 exf2+ 37. Kxf2 Be8 38. Rxh7 Bg7 39. h4 Bd7 0-1

[Event "HZ Chess Tournament 2013"]
[Site "?"]
[Date "2013.08.04"]
[Round "2"]
[White "Tiggelman, Rene"]
[Black "Van Der Werff, Frank"]
[Result "1-0"]
[WhiteElo "2285"]
[BlackElo "1983"]
[PlyCount "89"]
[EventDate "2013.??.??"]

1. d4 Nf6 2. Nf3 e6 3. c4 b6 4. g3 Bb7 5. Bg2 Be7 6. O-O O-O 7. Nc3 Ne4 8. Nxe4
Bxe4 9. Ne1 Bxg2 10. Nxg2 d5 11. Qa4 dxc4 12. Qxc4 c5 13. dxc5 Bxc5 14. Be3 Nd7
15. Rfd1 Qe7 16. Rac1 Bxe3 17. Nxe3 Nf6 18. Qc7 Qxc7 19. Rxc7 Rfc8 20. Rdc1
Rxc7 21. Rxc7 Nd5 22. Nxd5 exd5 23. Kf1 g6 24. Ke1 Kg7 25. Kd2 a5 26. Rd7 b5
27. Rxd5 Rb8 28. Kd3 Kf6 29. Kd4 Ke6 30. e4 h5 31. f4 a4 32. f5+ Kf6 33. fxg6
Kxg6 34. h4 f6 35. Ke3 a3 36. bxa3 Ra8 37. Rd3 Ra4 38. Rb3 f5 39. exf5+ Kxf5
40. Rxb5+ Kg6 41. Rb3 Kf5 42. Kd2 Kg6 43. Kc3 Rg4 44. Kb2 Re4 45. Rf3 1-0

[Event "HZ Chess Tournament 2013"]
[Site "?"]
[Date "2013.08.04"]
[Round "2"]
[White "Velez Romero, Juan Luis"]
[Black "Van Foreest, Jorden"]
[Result "1/2-1/2"]
[WhiteElo "1977"]
[BlackElo "2284"]
[PlyCount "83"]
[EventDate "2013.??.??"]

1. d4 Nf6 2. Nf3 e6 3. Bg5 c5 4. d5 exd5 5. Nc3 d4 6. Ne4 Be7 7. Bxf6 Bxf6 8.
Nd6+ Kf8 9. Qd2 Be7 10. Nf5 d6 11. Nxe7 Qxe7 12. O-O-O Nc6 13. Re1 Qf6 14. e3
Bg4 15. Bb5 Bxf3 16. gxf3 dxe3 17. fxe3 g6 18. h4 Kg7 19. h5 Rhe8 20. f4 a6 21.
Bc4 Kh8 22. hxg6 fxg6 23. Reg1 Ne7 24. Qh2 Qg7 25. Bd3 Rf8 26. e4 d5 27. exd5
Rad8 28. c4 b5 29. Rg5 bxc4 30. Bxc4 Nf5 31. Qg1 Rb8 32. Rh2 Rb4 33. Bd3 Rxf4
34. Rxg6 Qc7 35. Re6 Rf7 36. Qe1 c4 37. Qe5+ Ng7 38. Bxh7 Rf1+ 39. Kc2 R1f2+
40. Kc3 R2f3+ 41. Kc2 Rf2+ 42. Kc3 1/2-1/2

[Event "HZ Chess Tournament 2013"]
[Site "?"]
[Date "2013.08.04"]
[Round "2"]
[White "Verstraeten, Rein"]
[Black "Cebula, Jerzy"]
[Result "0-1"]
[WhiteElo "2281"]
[BlackElo "1981"]
[PlyCount "109"]
[EventDate "2013.??.??"]

1. e4 e5 2. Nf3 Nc6 3. Bb5 Nd4 4. Nxd4 exd4 5. O-O c6 6. Bc4 Nf6 7. e5 d5 8.
exd6 Bxd6 9. Re1+ Be6 10. Bxe6 fxe6 11. d3 O-O 12. Nd2 Qc7 13. g3 Qf7 14. f4
Bb4 15. a3 Bxd2 16. Bxd2 Nd5 17. Re4 c5 18. Qe2 Rfe8 19. Re1 Nf6 20. Rxe6 Rxe6
21. Qxe6 Qxe6 22. Rxe6 Re8 23. Rxe8+ Nxe8 24. Kf2 Kf7 25. Kf3 Ke6 26. Kg4 Nf6+
27. Kg5 Nd5 28. f5+ Ke5 29. Kg4 Kf6 30. Bg5+ Ke5 31. Bd2 h6 32. h3 Nf6+ 33. Kf3
Kxf5 34. g4+ Ke6 35. c4 dxc3 36. Bxc3 Ne8 37. h4 g6 38. Bd2 h5 39. gxh5 gxh5
40. Kf4 Kf6 41. Bc3+ Kg6 42. Ke5 Ng7 43. Be1 Nf5 44. Bf2 b6 45. a4 Nh6 46. Ke6
Ng4 47. Bg1 Nf6 48. a5 Ng4 49. a6 Nf6 50. d4 Ne8 51. Kd7 Nf6+ 52. Kc6 Ne4 53.
Kb7 cxd4 54. Bxd4 Nd6+ 55. Kxa7 0-1

[Event "HZ Chess Tournament 2013"]
[Site "?"]
[Date "2013.08.04"]
[Round "2"]
[White "Roelofs, Rik"]
[Black "Mostertman, Milan"]
[Result "1/2-1/2"]
[WhiteElo "1975"]
[BlackElo "2280"]
[PlyCount "78"]
[EventDate "2013.??.??"]

1. d4 Nf6 2. c4 e6 3. Nc3 Bb4 4. a3 Bxc3+ 5. bxc3 Ne4 6. Qc2 f5 7. Nf3 b6 8. e3
Bb7 9. Bd3 Ng5 10. Nxg5 Qxg5 11. f3 Qh4+ 12. Qf2 Qxf2+ 13. Kxf2 d6 14. Re1 Kf7
15. e4 fxe4 16. Bxe4 Bxe4 17. Rxe4 Nd7 18. Bf4 Rhe8 19. Rae1 Rab8 20. R4e2 b5
21. c5 dxc5 22. Bxc7 Rbc8 23. Bd6 cxd4 24. cxd4 Rc6 25. Bb4 Nf6 26. Bc5 a6 27.
Re5 Rec8 28. R5e2 Nd5 29. g3 a5 30. Rb2 Rb8 31. Rb3 Ra6 32. Reb1 b4 33. axb4
axb4 34. R1b2 Ke8 35. Ke2 Kd7 36. Kd3 Kc6 37. Bxb4 Nxb4+ 38. Rxb4 Rxb4 39. Rxb4
Ra2 1/2-1/2

[Event "HZ Chess Tournament 2013"]
[Site "?"]
[Date "2013.08.04"]
[Round "2"]
[White "Colijn, Stefan"]
[Black "Sparreboom, Wil"]
[Result "1-0"]
[WhiteElo "2276"]
[BlackElo "1977"]
[PlyCount "93"]
[EventDate "2013.??.??"]

1. d4 d5 2. Nf3 Nf6 3. Bf4 e6 4. e3 Bb4+ 5. c3 Bd6 6. Ne5 O-O 7. Nd2 c5 8. Bd3
cxd4 9. exd4 Qc7 10. O-O Nbd7 11. Re1 Rd8 12. Re3 Bxe5 13. dxe5 Ne4 14. Bxe4
dxe4 15. Nxe4 Nf8 16. Qh5 Qc4 17. Bg5 Rd3 18. Nd6 Rxd6 19. exd6 Bd7 20. Qh4 Qd5
21. Qg3 Rc8 22. Rd3 Qf5 23. Re1 Ng6 24. h4 f6 25. Rf3 Qb5 26. h5 Qxg5 27. Qxg5
fxg5 28. hxg6 hxg6 29. Re5 Rc6 30. Rd3 g4 31. Rd4 Rb6 32. b4 Kf7 33. Rf4+ Ke8
34. Rxg4 Rxd6 35. Rxg6 Kf7 36. Reg5 Rd1+ 37. Kh2 e5 38. Rxg7+ Ke6 39. R5g6+ Kf5
40. c4 Ke4 41. Rf6 a6 42. Re7 Bc6 43. f4 Rb1 44. Rxe5+ Kd4 45. a3 Rb2 46. Rxc6
bxc6 47. Rc5 1-0

[Event "HZ Chess Tournament 2013"]
[Site "?"]
[Date "2013.08.04"]
[Round "2"]
[White "Gutkind, Kedem"]
[Black "Kerigan, Demre"]
[Result "0-1"]
[WhiteElo "1969"]
[BlackElo "2257"]
[PlyCount "110"]
[EventDate "2013.??.??"]

1. e4 e5 2. Nf3 Nf6 3. Nxe5 d6 4. Nf3 Nxe4 5. Nc3 Nxc3 6. dxc3 Be7 7. Be3 Nc6
8. Qd2 Be6 9. Nd4 Nxd4 10. cxd4 d5 11. Bd3 O-O 12. O-O-O c5 13. dxc5 Rc8 14. f4
f6 15. Qe2 Bf7 16. h4 Qa5 17. a3 Bxc5 18. Bxc5 Qxc5 19. Rh3 Rfe8 20. Qg4 d4 21.
Qf5 Qxf5 22. Bxf5 Rc5 23. Bd3 Bh5 24. Rf1 Bg4 25. Rg3 f5 26. Kd2 h5 27. Re1
Rxe1 28. Kxe1 g5 29. hxg5 h4 30. Rh3 Bxh3 31. gxh3 Kg7 32. Kd2 Kg6 33. a4 Rc7
34. c3 dxc3+ 35. bxc3 Rc5 36. c4 Rc6 37. Ke3 Ra6 38. Bc2 Rb6 39. Kd4 Rb2 40.
Kc3 Ra2 41. c5 Ra3+ 42. Bb3 Ra1 43. Bd5 Rxa4 44. Bxb7 Ra1 45. c6 Rc1+ 46. Kb4
Kf7 47. Kb5 Ke7 48. Bc8 Kd6 49. Bd7 Rc3 50. g6 Rxh3 51. Bxf5 Rg3 52. Be4 h3 53.
f5 h2 54. Ka6 Kc7 55. Bh1 Rg5 0-1

[Event "HZ Chess Tournament 2013"]
[Site "?"]
[Date "2013.08.04"]
[Round "2"]
[White "Doberitz, Paul"]
[Black "Van De Groep, William"]
[Result "1-0"]
[WhiteElo "2254"]
[BlackElo "1960"]
[PlyCount "167"]
[EventDate "2013.??.??"]

1. e4 e6 2. d4 d5 3. Nc3 Nf6 4. Bg5 Bb4 5. e5 h6 6. Bd2 Bxc3 7. bxc3 Ne4 8. Qg4
Kf8 9. Bd3 Nxd2 10. Kxd2 c5 11. f4 c4 12. Be2 Nc6 13. Qf3 Qa5 14. Qe3 b5 15. a3
Bd7 16. Nf3 Rb8 17. g4 Ne7 18. h4 Qb6 19. h5 a5 20. Rab1 Ke8 21. Nh4 Nc6 22. f5
b4 23. fxe6 Bxe6 24. Nf5 Kd7 25. Nxg7 bxc3+ 26. Kxc3 Qa7 27. Nxe6 fxe6 28. Rbf1
a4 29. Rf7+ Ne7 30. Kd2 c3+ 31. Qxc3 Rhc8 32. Qd3 Qa5+ 33. Kc1 Qb6 34. Rhf1 Re8
35. Kd2 Qa5+ 36. Qc3 Qb6 37. Rg7 Rf8 38. Rxf8 Rxf8 39. Qd3 Kd8 40. Ke3 Qb1 41.
Kd2 Qb6 42. Ke3 Nc6 43. Qc3 Nxe5 44. Qb4 Qxb4 45. axb4 Nf7 46. Kd3 Ke7 47. g5
hxg5 48. h6 Kf6 49. Bh5 Nxh6 50. Rg6+ Kf5 51. Rxh6 Rb8 52. c3 a3 53. Rh7 e5 54.
dxe5 Kxe5 55. Ra7 Rh8 56. Be2 Rh3+ 57. Kd2 d4 58. Rxa3 Rh1 59. Ra5+ Kf4 60.
cxd4 Rb1 61. b5 Rb2+ 62. Ke1 Ke3 63. Ra3+ Kxd4 64. Rg3 Ke4 65. Rxg5 Kf4 66. Rg6
Ke3 67. Re6+ Kd4 68. Kf2 Kd5 69. Re3 Kc5 70. Kf3 Rb4 71. Re4 Rb2 72. Ke3 Rb1
73. Re8 Rb2 74. Rc8+ Kb6 75. Bc4 Rh2 76. Kd4 Rh4+ 77. Kc3 Rh1 78. Rc6+ Ka7 79.
Kb4 Kb8 80. Kc5 Rh5+ 81. Bd5 Rh2 82. Rf6 Rh8 83. Ra6 Rh2 84. b6 1-0

[Event "HZ Chess Tournament 2013"]
[Site "?"]
[Date "2013.08.04"]
[Round "2"]
[White "De Boer, Robert"]
[Black "Zwirs, Nico"]
[Result "0-1"]
[WhiteElo "1959"]
[BlackElo "2250"]
[PlyCount "106"]
[EventDate "2013.??.??"]

1. e4 e5 2. Nf3 d6 3. d4 exd4 4. Nxd4 g6 5. Nc3 Bg7 6. Be2 Nf6 7. Bg5 h6 8. Be3
Nc6 9. Nxc6 bxc6 10. Qd2 Rb8 11. Rb1 a5 12. O-O h5 13. h3 O-O 14. Bh6 Qe7 15.
Bxg7 Kxg7 16. Qg5 Qe5 17. Qxe5 dxe5 18. Bc4 Rd8 19. f4 Nd7 20. Rbd1 Re8 21. f5
g5 22. b3 Nb6 23. Be2 Rh8 24. a4 f6 25. g3 Kf7 26. Nb1 Ke7 27. Nd2 h4 28. g4
Rd8 29. Kf2 Rd4 30. c3 Rd6 31. Nc4 Nxc4 32. Bxc4 Bb7 33. Ke3 Rbd8 34. Rd3 Kd7
35. Rfd1 Kc8 36. b4 Kb8 37. R1d2 Ka7 38. Rd1 Ba6 39. Bxa6 Kxa6 40. Rxd6 cxd6
41. bxa5 Kxa5 42. Rb1 d5 43. Rb7 dxe4 44. Kxe4 Kxa4 45. Rf7 Rd6 46. Re7 Kb5 47.
Re6 Kc5 48. Re7 Rd2 49. Rf7 Re2+ 50. Kd3 Rh2 51. Rxf6 Rxh3+ 52. Ke4 Rg3 53.
Kxe5 Re3# 0-1

[Event "HZ Chess Tournament 2013"]
[Site "?"]
[Date "2013.08.04"]
[Round "2"]
[White "Kuling, Lody"]
[Black "Ijzermans, Cees"]
[Result "1/2-1/2"]
[WhiteElo "2246"]
[BlackElo "1959"]
[PlyCount "72"]
[EventDate "2013.??.??"]

1. e4 c6 2. d4 d5 3. exd5 cxd5 4. c4 Nf6 5. Nc3 Nc6 6. Be3 e6 7. Nf3 Be7 8. Be2
O-O 9. O-O Re8 10. Rc1 a6 11. c5 Bf8 12. Na4 Qc7 13. Bg5 Ne4 14. Bh4 Ne7 15.
Nb6 Rb8 16. Nd2 Nf5 17. Nxe4 Nxh4 18. Ng3 Ng6 19. Nh5 e5 20. Nxd5 Qd8 21. dxe5
Be6 22. Ne3 Qxd1 23. Rfxd1 Bxa2 24. b4 Nxe5 25. Rd2 Bb3 26. Rb1 Ba4 27. Nf4 b6
28. cxb6 Rxb6 29. Nfd5 Rc6 30. Ra2 Bb5 31. Bxb5 axb5 32. Ra7 Nc4 33. Rb7 Nd6
34. Ra7 Nc4 35. Rb7 Nd6 36. Ra7 Nc4 1/2-1/2

[Event "HZ Chess Tournament 2013"]
[Site "?"]
[Date "2013.08.04"]
[Round "2"]
[White "Van De Poel, Taco"]
[Black "Sibriaev, Aleksandr"]
[Result "0-1"]
[WhiteElo "1959"]
[BlackElo "2239"]
[PlyCount "92"]
[EventDate "2013.??.??"]

1. e4 c5 2. Nc3 d6 3. Nf3 a6 4. d4 cxd4 5. Nxd4 Nf6 6. Bc4 e6 7. Bb3 Nc6 8. Be3
Be7 9. Qe2 Qc7 10. O-O-O Bd7 11. g4 Nxd4 12. Rxd4 Bc6 13. g5 Nd7 14. f4 Nc5 15.
Rf1 b5 16. f5 Rb8 17. fxe6 fxe6 18. Qg4 b4 19. Ne2 Nxb3+ 20. axb3 e5 21. Rc4
Qd7 22. Qxd7+ Kxd7 23. Rf7 Bb5 24. Rxg7 Bxc4 25. bxc4 Ke6 26. b3 Rbg8 27. Rxg8
Rxg8 28. h4 h6 29. gxh6 Bxh4 30. c5 d5 31. exd5+ Kxd5 32. c4+ Kc6 33. Kd2 Bg5
34. Nc1 Bxe3+ 35. Kxe3 Rh8 36. Nd3 Rxh6 37. Nxe5+ Kxc5 38. Nd3+ Kb6 39. Nxb4
Rh3+ 40. Kd4 Rxb3 41. Nd5+ Kc6 42. c5 Rb1 43. Kc4 a5 44. Ne7+ Kb7 45. Nd5 a4
46. Nc3 a3 0-1